LEADER 01401nam a2200313 a 4500 001 000000172245 003 CaOOAMICUS 005 20190705125043.0 008 190705s2019 be u000 u eng r 020 $a978-90-429-3783-3* 032 $aLibriCat 040 $aPUL$bita 245 04$aThe Samaritan Pentateuch and the Dead Sea Scrolls /$cMichael Langlois (ed.) 260 $aLeuven, Paris, Walpole (MA) :$bPeeters,$c2019. 300 $aX, 325 p. ;$c23 cm. 490 1 $aContributions to biblical exegesis and theology ;$v94 504 $aBibliografia in nota. 630 04$aManoscritti del Mar Morto$xStudio.$0(OLS)http://pul/subject/20815 630 04$aBiblia.$pV.T.$pPentateuchus.$0(OLS)http://pul/subject/2450 700 1 $aLanglois, Michaël.$0(OLS)http://pul/name/74480 830 0$aContributions to biblical exegesis and theology ;$v94.$0(OLS)http://pul/title/27171 850 $aPUL 852 $aPUL$W1$xSL Religione 1$y3$m10(4) L 94$j196182$bStampati$q $B200934$CPULBib$Z2$F200934 $H133126 $81 941 1 $a8 983 0$aContributions to biblical exegesis & theology. 996 $6020$a978-90-429-3783-3*$9(OLS)http://pul/number/166357 996 $6245$aThe Samaritan Pentateuch and the Dead Sea Scrolls$9(OLS)http://pul/title/213157 996 $6260$aLeuven, Paris, Walpole (MA) :$bPeeters$9(OLS)http://pul/publisher/80881 LEADER 01797nam a2200325 a 4500 001 000000150253 003 CaOOAMICUS 005 20120127150422.0 008 160309s2016 it u000 u ita r 020 $a978-88-14-21211-6* 032 $aLibriCat 040 $aPUL$bita 082 14$a344.01 245 03$aLe nuove regole del lavoro dopo il Jobs Act $bcommento sistematico dei decreti legislativi nn. 22, 23, 80, 81, 148, 149, 150 e 151 del 2015 e delle norme di rilievo lavoristico della Legge 28 dicembre 2015, n. 208 (Legge di stabilità per il 2016) /$ca cura di Michele Tiraboschi ; in collaborazione con Lilli Casano ... [et al.]... 260 $aMilano :$bGiuffrè,$c©2016. 300 $a624 p. ;$c25 cm. 490 1 $aLe nuove leggi civili 504 $aBibliografia in nota a piè pagina. 650 4$aDiritto del lavoro$zItalia.$0(OLS)http://pul/subject/2593 700 1 $aTiraboschi, Michele.$0(OLS)http://pul/name/79534 700 1 $aCasano, Lilli.$0(OLS)http://pul/name/95680 830 3$aLe nuove leggi civili (Giuffré).$0(OLS)http://pul/title/189357 850 $aPUL 852 $aPUL$W1$xSL Diritto e Scienze Sociali 3$y79$m344. 01 TIRMI 1$j172830$qDDC 21$B174760$CPULBib$Z2$F174760 $H127339 $81 941 1 $a9 996 $6020$a978-88-14-21211-6*$9(OLS)http://pul/number/160006 996 $6082$a344.01$9(OLS)http://pul/classification/1870 996 $6245$aLe nuove regole del lavoro dopo il Jobs Act $bcommento sistematico dei decreti legislativi nn. 22, 23, 80, 81, 148, 149, 150 e 151 del 2015 e delle norme di rilievo lavoristico della Legge 28 dicembre 2015, n. 208 (Legge di stabilità per il 2016)$9(OLS)http://pul/title/189356 996 $6260$aMilano :$bGiuffrè$9(OLS)http://pul/publisher/48401